00639nam a2200145Ia 4500008004100000050002400041100002200065245015200087260008600239300002000325521001500345942000700360999001900367952010700386140724s9999 xx 000 0 und d aBF 576b.So714 2014 aSoriano, Shane B. aEmotional quotient and romantic attachment styles of selected college students of Southville International School and Colleges /cShane B. Soriano. aLas Piñas, Philippines :bSouthville International School and Colleges,cc2014. a83 p. :c28 cm. aPsychology cTH c229302d229302 001040aCLbCLcTHESESd2014-07-24l0oBF 576 .So714 2014pT0656r2018-05-15 00:00:00w2014-07-24yTH